000 00549nam a22001937a 4500
005 20251108175240.0
008 250721s2010 xx 000 0 ara d
082 1 4 _a628.16/خلي
100 1 _aخليل، محمد احمد السيد
245 1 0 _aتنقية المياه /
246 1 1 _awater purifcation
264 1 _aالقاهرة :
_bدار الكتب الحديثة،
_c2010.
300 _a343 ص.
650 1 7 _aتنقية المياه
650 1 7 _aالتعقيم
650 1 7 _aالمياه
942 _2ddc
_cBK
999 _c129669
_d129669